Economic impact of india's family planning programme on school age population during 1971-1991. (Record no. 518205)

MARC details
000 -LEADER
fixed length control field 00707nam a2200229Ia 4500
003 - CONTROL NUMBER IDENTIFIER
control field OSt
005 - DATE AND TIME OF LATEST TRANSACTION
control field 20220925191400.0
008 - FIXED-LENGTH DATA ELEMENTS--GENERAL INFORMATION
fixed length control field 220923b |||||||| |||| 00| 0 eng d
037 ## - SOURCE OF ACQUISITION
Terms of availability General Book
040 ## - CATALOGING SOURCE
Original cataloging agency RTL
Transcribing agency RTL
Language of cataloging eng
041 ## - LANGUAGE CODE
Source of code eng
Language code of text/sound track or separate title eng
110 ## - MAIN ENTRY--CORPORATE NAME
Corporate name or jurisdiction name as entry element VIG (O.P)
9 (RLIN) 241803
245 #0 - TITLE STATEMENT
Title Economic impact of india's family planning programme on school age population during 1971-1991.
260 ## - PUBLICATION, DISTRIBUTION, ETC.
Place of publication, distribution, etc. Bombay
Name of publisher, distributor, etc. International institute for population studies.
Date of publication, distribution, etc. 1991
300 ## - PHYSICAL DESCRIPTION
Extent 31p
Dimensions cm.
700 ## - ADDED ENTRY--PERSONAL NAME
Personal name VIG (O.P)
9 (RLIN) 241804
942 ## - ADDED ENTRY ELEMENTS (KOHA)
Classification part Y:5.2.N91<--N71, N1
Koha item type General Books
Source of classification or shelving scheme Colon Classification (CC)

No items available.

Copyright @ Delhi University Library System